Meilleurs sons de PLK - Statistiques

Statistiques générales
  • Ce quiz a été pris 4 495 fois
    2 315 depuis la dernière actualisation
  • Le résultat moyen est 8 sur 15
Statistiques - réponses
Rang Titres Streams % Correct
1 Émotif (Booska 1H) 126,7M
83%
5 Un peu de haine 111,1M
74%
4 Pilote (ft. Hamza) 114,0M
72%
6 Problèmes 106,3M
66%
3 Attentat (ft. OBOY) 119,9M
63%
7 Nouvelles 83,6M
61%
11 Monégasque 61,2M
56%
8 Demain 74,0M
54%
15 Faut pas (ft. Jul) 47,4M
51%
2 Petrouchka (ft. Soso Maness) 125,0M
46%
13 Dingue 52,3M
43%
9 Jamais (ft. Mister V) 73,1M
40%
14 On sait jamais (ft. Niska) 50,8M
32%
12 Train de vie (ft. Leto) 52,5M
12%
10 Le classico organisé (ft. Koba LaD, Gazo, SCH, Jul, Naps, Guy2bezbar, Kofs, Soso Maness) 70,7M
8%
Aucun quiz correspondant
Distribution des résultats
% des personnes avec chaque résultat
Percentile par nombre de réponses
Votre historique - résultats
Vous n’avez pas pris ce quiz depuis la dernière actualisation